A brotherly exhortation from the Generall Assembly of the Church of Scotland, to their brethren of England.

Bibliographic Details
Corporate Author: Church of Scotland. General Assembly
Other Authors: Ker, A.
Format: eBook
Language:English
Published: London : Edenburgh, printed by Evan Tyler, printer to the Kings most Excellent Majestie, 1649. And now re-printed at London, 1649.
Series:Early English books online.
Subjects:
Online Access:Connect to the full text of this electronic book

MARC

Tag First Indicator Second Indicator Subfields
LEADER 00000nam a2200000 4500
001 in00004282913
005 20200813080407.0
006 m g d
007 cr bn |||a|bb|
008 940201s1649 enk o 00| | eng d
035 |a (UnM)99865308 
037 |a CL0051000003  |b ProQuest Information and Learning. 300 N. Zeeb Rd., Ann Arbor, MI 48106 
040 |a Cu-RivES  |c Cu-RivES  |d CStRLIN  |e dcrb  |d WaOLN 
110 2 |a Church of Scotland.  |b General Assembly. 
245 1 2 |a A brotherly exhortation from the Generall Assembly of the Church of Scotland, to their brethren of England. 
260 |a London :  |b Edenburgh, printed by Evan Tyler, printer to the Kings most Excellent Majestie, 1649. And now re-printed at London,  |c 1649. 
300 |a 1 online resource (8 pages) 
336 |a text  |b txt  |2 rdacontent 
337 |a computer  |b c  |2 rdamedia 
338 |a online resource  |b cr  |2 rdacarrier 
500 |a Signed: A. Ker. 
500 |a Reproduction of the original in the British Library. 
500 |a Annotation on Thomason copy: "August 22.". 
510 4 |a Wing (2nd edition)  |c K335. 
510 4 |a Thomason  |c E.571[29]. 
533 |a Electronic reproduction.  |b Ann Arbor, Mich. :  |c UMI,  |d 1999-  |f (Early English books online)  |n Digital version of: (Thomason Tracts ; 88:E571[29])  |7 s1999 miun s 
610 2 0 |a Church of Scotland.  |b General Assembly  |x History  |v Early works to 1800. 
630 0 4 |a Solemn League and Covenant  |d (1643). 
651 4 |a Scotland  |x History  |y 1649-1660  |v Early works to 1800. 
651 4 |a Great Britain  |x Church history  |y 17th century. 
700 1 |a Ker, A. 
830 0 |a Early English books online. 
856 4 0 |u http://proxy.library.tamu.edu/login?url=https://search.proquest.com/docview/2240915835  |z Connect to the full text of this electronic book  |t 0 
999 f f |s a430b028-01de-3064-a242-8a902e6fa174  |i 6874198b-cd25-38e7-84de-0fe2ecf1e363  |t 0 
952 f f |a Texas A&M University  |b College Station  |c Electronic Resources  |d Available Online  |t 0  |h No information provided 
998 f f |t 0  |l Available Online